Deliberative Public Engagement with Science: An Empirical Investigation (Record no. 31145)
[ view plain ]
| 000 -LEADER | |
|---|---|
| fixed length control field | 00742nam a2200133Ia 4500 |
| 008 - FIXED-LENGTH DATA ELEMENTS--GENERAL INFORMATION | |
| fixed length control field | 220620s9999||||xx |||||||||||||| ||und|| |
| 022 ## - INTERNATIONAL STANDARD SERIAL NUMBER | |
| International Standard Serial Number | 2192-8363 |
| 100 ## - MAIN ENTRY--PERSONAL NAME | |
| Personal name | Peter Muhlberger||Lisa M. PytlikZillig||Alan J. Tomkins||Myiah J. Hutchens||Frank J. Gonzalez |
| 245 #0 - TITLE STATEMENT | |
| Title | Deliberative Public Engagement with Science: An Empirical Investigation |
| 546 ## - LANGUAGE NOTE | |
| Language note | English[eng] |
| 650 ## - SUBJECT ADDED ENTRY--TOPICAL TERM | |
| Topical term or geographic name entry element | education-oriented communications||cognitive-affective engagement||polarization of public attitudes||science||nanotechnology public policy issues||technology and society||experimental manipulations of deliberative engagement||experimental social science||innovation policy |
| 856 ## - ELECTRONIC LOCATION AND ACCESS | |
| Uniform Resource Identifier | <a href="https://link.springer.com/book/10.1007/978-3-319-78160-0">https://link.springer.com/book/10.1007/978-3-319-78160-0</a> |
| 942 ## - ADDED ENTRY ELEMENTS (KOHA) | |
| Koha item type | E-Books |
| Withdrawn status | Lost status | Damaged status | Not for loan | Home library | Current library | Date acquired | Total Checkouts | Date last seen | Price effective from | Koha item type |
|---|---|---|---|---|---|---|---|---|---|---|
| Kerala University of Digital Sciences, Innovation and Technology Knowledge Centre | Kerala University of Digital Sciences, Innovation and Technology Knowledge Centre | 20/06/2022 | 20/06/2022 | 20/06/2022 | E-Books |